000 00355nam a22001457a 4500
008 250505b |||||||| |||| 00| 0 eng d
020 _a9781837730360
050 _aPN3448.W3
_b.H36
100 _aHaukey Julie
245 _aDamn this war
260 _aLondon
_bIcon Book Publication
_c2023
300 _a290P.
650 _aWar and Literature
942 _cBK
999 _c3282
_d3282